Statistiken für Raubtiere in Deutschland

Klicken Sie hier um das Quiz zu spielen!

Allgemein

  • Dieses Quiz wurde 670 mal gespielt
  • Das Durchschnittsergebnis liegt bei 7 aus 15

Antwortstatistiken

Biologische FamilieAntwort% Korrekt
HundeWolf
94%
BärenEuropäischer Braunbär
88%
KatzenNordluchs
81%
KatzenEuropäische Wildkatze
60%
MarderEuropäischer Iltis
53%
RobbenSeehund
50%
MarderEuropäischer Dachs
44%
RobbenKegelrobbe
41%
HundeRotfuchs
41%
MarderSteinmarder
36%
MarderHermelin
32%
MarderBaummarder
31%
MarderEuropäischer Nerz
23%
MarderEuropäischer Fischotter
21%
MarderMauswiesel
14%

Verteilung der Resultate

Perzentil nach korrekt beantworteten Fragen

Anzahl Personen mit jedem Resultat

Ihre Resultats-Entwicklung

Sie haben dieses Quiz noch nicht gespielt